Prime Ministers of Poland (after 1989) - Statistics

General Stats
  • This quiz has been taken 278 times
    66 since last reset
  • The average score is 12 of 18
Answer Stats
Term Political party Name % Correct
2023- Civic Platform (PO) Donald Tusk
100%
2007-2014 Civic Platform (PO) Donald Tusk
100%
2017-2023 Law and Justice (PiS) Mateusz Morawiecki
93%
2006-2007 Law and Justice (PiS) Jarosław Kaczyński
91%
2015-2017 Law and Justice (PiS) Beata Szydło
83%
2014-2015 Civic Platform (PO) Ewa Kopacz
78%
2001-2004 Democratic Left Alliance (SLD) Leszek Miller
74%
1989-1991 Democratic Union (UD) Tadeusz Mazowiecki
67%
1992-1993 Democratic Union (UD) Hanna Suchocka
62%
1993-1995 Polish People's Party (PSL) Waldemar Pawlak
60%
1992 Polish People's Party (PSL) Waldemar Pawlak
60%
1997-2001 Solidarity Electoral Action (AWS) Jerzy Buzek
55%
2004-2005 Democratic Left Alliance (SLD) Marek Belka
53%
2005-2006 Law and Justice (PiS) Kazimierz Marcinkiewicz
52%
1991-1992 Centre Agreement (PC) Jan Olszewski
48%
1995-1996 Social Democracy (SdRP) Józef Oleksy
47%
1996-1997 Social Democracy (SdRP) Włodzimierz Cimoszewicz
45%
1991 Liberal Democratic Congress (KLD) Jan Krzysztof Bielecki
40%
No matching quizzes found
Score Distribution
Percent of People with Each Score
Percentile by Number Answered
Your Score History
You have not taken this quiz since the last reset